Fr. Conceicao Rodrigues College of Engineering

No shortcuts:Rare insights from 15 successful start-up founders (Record no. 18086)

MARC details
000 -LEADER
fixed length control field 00364nam a2200169Ia 4500
082 ## - DEWEY DECIMAL CLASSIFICATION NUMBER
Item number NIS
100 ## - MAIN ENTRY--PERSONAL NAME
Personal name Nisha Tripathi
245 ## - TITLE STATEMENT
Title No shortcuts:Rare insights from 15 successful start-up founders
260 ## - PUBLICATION, DISTRIBUTION, ETC.
Name of publisher, distributor, etc. sage
Date of publication, distribution, etc. 2018
366 ## - TRADE AVAILABILITY INFORMATION
Publishers's discount category 25
300 ## - PHYSICAL DESCRIPTION
Extent 279
546 ## - LANGUAGE NOTE
Language note ENGLISH
650 ## - SUBJECT ADDED ENTRY--TOPICAL TERM
Topical term or geographic name entry element Start up
654 ## - SUBJECT ADDED ENTRY--FACETED TOPICAL TERMS
Focus term start up
942 ## - ADDED ENTRY ELEMENTS (KOHA)
Koha item type BOOK
Holdings
Withdrawn status Lost status Damaged status Not for loan Collection Home library Current library Date acquired Source of acquisition Cost, normal purchase price Inventory number Total Checkouts Full call number Barcode Date last seen Cost, replacement price Price effective from Koha item type
        CRC Fr. Agnel's C.Rodrigues College of Engineering Fr. Agnel's C.Rodrigues College of Engineering 17/03/2023 Allied Publishers 296.25 776 dt 14.03.2019   NIS 25572 17/03/2023 395.00   BOOK